Эволюция пористости в процессе синтеза композиционного материала под нагрузкой; Перспективные материалы с иерархической структурой для новых технологий и надежных конструкций

Détails bibliographiques
Parent link:Перспективные материалы с иерархической структурой для новых технологий и надежных конструкций.— 2017.— [С. 206-207]
Auteur principal: Чумаков Ю. А. Юрий Александрович
Collectivité auteur: Национальный исследовательский Томский политехнический университет (ТПУ) Институт физики высоких технологий (ИФВТ) Кафедра физики высоких технологий в машиностроении (ФВТМ)
Autres auteurs: Князева А. Г. Анна Георгиевна
Résumé:Заглавие с экрана
Langue:russe
Publié: 2017
Collection:Проблемы компьютерного конструирования материалов с иерархической структурой
Sujets:
Accès en ligne:http://www.ispms.ru/files/Conference/2017_m/sb_tez_2017.pdf#page=206
Format: Électronique Chapitre de livre
KOHA link:https://koha.lib.tpu.ru/cgi-bin/koha/opac-detail.pl?biblionumber=656978

MARC

LEADER 00000nla2a2200000 4500
001 656978
005 20240214153052.0
035 |a (RuTPU)RU\TPU\network\23458 
035 |a RU\TPU\network\23457 
090 |a 656978 
100 |a 20171222d2017 k y0rusy50 ca 
101 0 |a rus 
102 |a RU 
105 |a a z 101zy 
135 |a drgn ---uucaa 
181 0 |a i  
182 0 |a b 
200 1 |a Эволюция пористости в процессе синтеза композиционного материала под нагрузкой  |f Ю. А. Чумаков, А. Г. Князева 
203 |a Текст  |c электронный 
225 1 |a Проблемы компьютерного конструирования материалов с иерархической структурой 
300 |a Заглавие с экрана 
463 1 |0 (RuTPU)RU\TPU\network\23304  |t Перспективные материалы с иерархической структурой для новых технологий и надежных конструкций  |o тезисы докладов Международной конференции, 9-13 октября 2017 г., Томск  |f Российская академия наук (РАН), Сибирское отделение (СО), Институт физики прочности и материаловедения (ИФПМ)  |v [С. 206-207]  |d 2017 
610 1 |a электронный ресурс 
610 1 |a труды учёных ТПУ 
610 1 |a эволюция 
610 1 |a пористость 
610 1 |a синтез 
610 1 |a композиционные материалы 
610 1 |a нагрузки 
610 1 |a порошки 
610 1 |a металлы 
610 1 |a карбид титана 
610 1 |a механические процессы 
700 1 |a Чумаков  |b Ю. А.  |c научный сотрудник Томского политехнического университета, кандидат физико-математических наук  |f 1984-  |g Юрий Александрович  |3 (RuTPU)RU\TPU\pers\32725 
701 1 |a Князева  |b А. Г.  |c российский физик  |c профессор Томского политехнического университета, доктор физико-математических наук  |f 1962-  |g Анна Георгиевна  |3 (RuTPU)RU\TPU\pers\25578  |9 11508 
712 0 2 |a Национальный исследовательский Томский политехнический университет (ТПУ)  |b Институт физики высоких технологий (ИФВТ)  |b Кафедра физики высоких технологий в машиностроении (ФВТМ)  |3 (RuTPU)RU\TPU\col\18687 
801 1 |a RU  |b 63413507  |c 20101016 
801 2 |a RU  |b 63413507  |c 20171222  |g RCR 
856 4 |u http://www.ispms.ru/files/Conference/2017_m/sb_tez_2017.pdf#page=206 
942 |c CF